Countries With the Most German Immigrants - Statistics

General Stats
  • This quiz has been taken 86 times
  • The average score is 9 of 10
Answer Stats
# of Immigrants Country % Correct
13,438 United States
99%
8,917 United Kingdom
97%
10,239 Austria
95%
5,863 France
95%
18,266 Switzerland
93%
3,384 Netherlands
92%
5,536 Poland
92%
6,216 Spain
88%
3,523 Australia
78%
6,750 Turkey
64%
No matching quizzes found
Score Distribution
Percent of People with Each Score
Percentile by Number Answered
Your Score History
You have not taken this quiz